000 01779nam a22001697a 4500
003 IT-RoPau
005 20220918181219.0
008 140226b xxu||||| |||| 00| 0 eng d
040 _cIT-RoPau
100 _aGoverno Generale della FP
_914892
245 _aLaicos consagrados y cooperadores en la Familia Paulina
_bSintesis de Actas Y Documentos de los encuentros VI-VIII (1988-90) de los Gobiernos generales de la Familia Paulina
260 _aRoma
_bCasa General SSP
_c1990
300 _a52 pp.
_c21 cm
490 _aEdiciones del Archivo Histórico General de la Familia Paulina
520 _aIndice VIIII Encuentro de los Gobiernos generales de la Familia Paulina I etapa Retiro espiritual animado por Mons. Pietro Rossano 1. Qué significa cooperar o colaborar con el Evangelio 2. Cómo comunica san Pablo el Evangelio 3. Quién está llamado a difundir el Evangelio 4. Colaboradores de san Pablo Homilía en la Misa II etapa A. Síntesis de los Encuentros Vi y VII I. Síntesis de las relaciones del VI Encuentro (1988) a. El aspecto de la actualidad eclesial b. La figura jurídico-teológica del laico c. El laico en la Iglesia y en la sociedad II. Síntesis de las relaciones del VII Encuentro (1989) d. La veta histórico-paulina: los protagonistas testimonian e. La praxis congregacional en la relación con los laicos f. Pensamiento y praxis del P. Alberione g. Laicos e Intitutos religiosos h. Institutos laicales, Cooperadores y colaboradores i. Documento-mensaje del VIII Encuentro de los Gobiernos generales de la Familia Paulina (1989) B. Presentación del dossier "Laicos y Familia Paulina" (1990) III. etapa Trabajos de grupo y en Asamblea Documento final - mensaje del VIII Encuentro de los Gobiernos generalies de la Familia Paulina
942 _2ddc
_cBK
999 _c104232
_d104232